| 000 | 00679nam a2200193 a 4500 | ||
|---|---|---|---|
| 001 | 22779 | ||
| 003 | CO-ViMGA | ||
| 008 | 141112s2004 ck r 000 u spa d | ||
| 020 | _a9589603931 | ||
| 040 |
_aCO-ViMGA _bspa _cCO-ViMGA |
||
| 082 | 0 | 4 | _a342.0854 M177d |
| 100 | 1 |
_aMartínez Ceballos, Guillermo José _932534 |
|
| 245 | 1 | 0 | _aEl derecho de petición |
| 260 |
_aColombia : _bLeyer |
||
| 300 | _a264p. | ||
| 505 | _aDerecho de peticion, El actual derecho de peticion, Derecho fundamental de peticion contra particulares, Derecho comparado, El derecho de peticion en otras constituciones del mundo | ||
| 650 | 1 | 4 |
_aDERECHO DE PETICION - LEGISLACION _932535 |
| 942 |
_2ddc _cBK |
||
| 999 |
_c31076 _d31076 |
||